Computer networks : protocols, stansars, and interfaces
Αποθηκεύτηκε σε:
| Κύριος συγγραφέας: | |
|---|---|
| Μορφή: | Βιβλίο |
| Γλώσσα: | English |
| Δημοσίευση: |
Englewood Cliffs, New Jersey :
Prentice-Hall,
c1993
|
| Έκδοση: | 2nd ed. |
| Θέματα: | |
| Ετικέτες: |
Προσθήκη ετικέτας
Δεν υπάρχουν, Καταχωρήστε ετικέτα πρώτοι!
|
MARC
| LEADER | 00000nam a2200000 i 4500 | ||
|---|---|---|---|
| 001 | 1/57077 | ||
| 008 | 951115s1993 eng d | ||
| 020 | |a 0-13-090861-4 | ||
| 035 | |a 1995 |c ΔΑΡΖΕΝΤΑΣ |l 10045678 | ||
| 040 | |a GR-MY-UA |b gre |e aacr | ||
| 041 | 0 | |a eng | |
| 082 | 0 | |a 004.6 | |
| 100 | 1 | |a Black, Uyless D. | |
| 245 | 1 | 0 | |a Computer networks : |b protocols, stansars, and interfaces / |c Uyless Black |
| 250 | |a 2nd ed. | ||
| 260 | |a Englewood Cliffs, New Jersey : |b Prentice-Hall, |c c1993 | ||
| 300 | |a xii, 436 p.; |b ill.; |c 24 cm. | ||
| 500 | |a Includes bibliographical references and index | ||
| 650 | 0 | 0 | |a Computer networks. |
| 852 | |a INST |b SAMOS |e 19951115 |h 004.6 BLA |p 005300004729 |q 005300004729 |t BK |y 0 | ||
| 909 | |a Σ |b 040478 | ||